<?xml version="1.0" encoding="UTF-8"?><?xml-stylesheet type="text/xsl" href="static/style.xsl"?><OAI-PMH xmlns="http://www.openarchives.org/OAI/2.0/" xmlns:xsi="http://www.w3.org/2001/XMLSchema-instance" xsi:schemaLocation="http://www.openarchives.org/OAI/2.0/ http://www.openarchives.org/OAI/2.0/OAI-PMH.xsd"><responseDate>2026-04-14T02:14:46Z</responseDate><request verb="GetRecord" identifier="oai:www.recercat.cat:20.500.12327/3686" metadataPrefix="marc">https://recercat.cat/oai/request</request><GetRecord><record><header><identifier>oai:recercat.cat:20.500.12327/3686</identifier><datestamp>2025-10-22T11:01:43Z</datestamp><setSpec>com_2072_4428</setSpec><setSpec>com_2072_4427</setSpec><setSpec>col_2072_487898</setSpec></header><metadata><record xmlns="http://www.loc.gov/MARC21/slim" xmlns:dcterms="http://purl.org/dc/terms/" xmlns:xsi="http://www.w3.org/2001/XMLSchema-instance" xmlns:doc="http://www.lyncode.com/xoai" xsi:schemaLocation="http://www.loc.gov/MARC21/slim http://www.loc.gov/standards/marcxml/schema/MARC21slim.xsd">
   <leader>00925njm 22002777a 4500</leader>
   <datafield ind2=" " ind1=" " tag="042">
      <subfield code="a">dc</subfield>
   </datafield>
   <datafield ind2=" " ind1=" " tag="720">
      <subfield code="a">Aletà, Neus</subfield>
      <subfield code="e">author</subfield>
   </datafield>
   <datafield ind2=" " ind1=" " tag="720">
      <subfield code="a">Ninot, Antonia</subfield>
      <subfield code="e">author</subfield>
   </datafield>
   <datafield ind2=" " ind1=" " tag="720">
      <subfield code="a">Voltas, J.</subfield>
      <subfield code="e">author</subfield>
   </datafield>
   <datafield ind2=" " ind1=" " tag="260">
      <subfield code="c">2004</subfield>
   </datafield>
   <datafield ind2=" " ind1=" " tag="520">
      <subfield code="a">Results of early testing in Juglans regia performed over the&#xd;
period 1993–2002 are presented. A total of 37 progenies were&#xd;
evaluated for establishment, growth traits, and phenology at&#xd;
ages one and two during two or more sowing years in the nursery. Independent culling selection was applied on parental&#xd;
trees to the family-mean values using specific truncation points&#xd;
for establishment, diameter and total height. In addition,&#xd;
parental selection was performed on unbiased predictions&#xd;
(BLUPs) of parental breeding values using a multivariate&#xd;
mixed model analysis in order to account for the unbalanced&#xd;
nature of the entire data set. Genetic parameters (heritabilities, correlations) of juvenile traits were also estimated. Except&#xd;
for second year growth traits, the genetic control of most characters was quite high, with heritability estimates ranging from&#xd;
0.51 (establishment) to 0.93 (flushing date). Growth performance and establishment did not bear a common genetic control according to non-significant genetic correlations, but a&#xd;
higher growth was typical of early flushing families. Changes&#xd;
in parental ranking for growth after comparison of familymean and BLUP-based estimates of parental performance were&#xd;
considerable. This observation, together with the larger proportion of culled progenies in the former method (about 70%), suggests a sizeable loss of genetic gain by using unadjusted&#xd;
parental means. It is concluded that current evaluation and&#xd;
selection schemes using family-mean values should be reconsidered by i) relaxing truncation points for selection on establishment and growth traits and ii) re-evaluating progeny test&#xd;
data using a mixed model framework to unveil valuable material otherwise neglected due to unaccounted environmental&#xd;
influence on family performance</subfield>
   </datafield>
   <datafield ind1="8" ind2=" " tag="024">
      <subfield code="a">Aletà, N., A. Ninot, and J. Voltas. 2004. “Retrospective Evaluation of Parental Selection in Nursery Tests of Juglans Regia L. Using a Mixed Model Analysis.” Silvae Genetica 53 (1-6): 26-33. doi: 10.1515/sg-2004-0005</subfield>
   </datafield>
   <datafield ind1="8" ind2=" " tag="024">
      <subfield code="a">0037-5349</subfield>
   </datafield>
   <datafield ind1="8" ind2=" " tag="024">
      <subfield code="a">http://hdl.handle.net/20.500.12327/3686</subfield>
   </datafield>
   <datafield ind1="8" ind2=" " tag="024">
      <subfield code="a">https://doi.org/10.1515/sg-2004-0005</subfield>
   </datafield>
   <datafield ind2="0" ind1="0" tag="245">
      <subfield code="a">Retrospective Evaluation of Parental Selection in Nursery Tests of Juglans regia L. Using a Mixed Model Analysis</subfield>
   </datafield>
</record></metadata></record></GetRecord></OAI-PMH>